Puccini's Suor Angelica (Record no. 81663)
[ view plain ]
| 000 -LEADER | |
|---|---|
| fixed length control field | 01451nam a2200349Ia 4500 |
| 100 1# - MAIN ENTRY--AUTHOR NAME | |
| Personal name | Puccini, Giacomo, |
| 245 10 - TITLE STATEMENT | |
| Title | Puccini's Suor Angelica |
| 260 ## - PUBLICATION, DISTRIBUTION, ETC. (IMPRINT) | |
| Place of publication | Coral Gables, Florida : |
| Name of publisher | Opera Journeys Publishing, |
| Year of publication | 2007. |
| 300 ## - PHYSICAL DESCRIPTION | |
| Number of Pages | 17 p. : |
| Other physical details | music. |
| 490 0# - SERIES STATEMENT | |
| Series statement | Opera journeys libretto series |
| 500 ## - GENERAL NOTE | |
| General note | "Translated from Italian and including music highlight transcriptions." |
| 650 #0 - SUBJECT ADDED ENTRY--TOPICAL TERM | |
| Topical Term | Operas |
| 700 1# - ADDED ENTRY--PERSONAL NAME | |
| Personal name | Forzano, Giovacchino. |
| Personal name | Fisher, Burton D. |
| 856 40 - ELECTRONIC LOCATION AND ACCESS | |
| Uniform Resource Identifier | http://site.ebrary.com/lib/rucke/Doc?id=10404098 |
No items available.
